[Event "Osijek op 12th"]
[Site "Osijek"]
[Date "2019.02.23"]
[Round "5.21"]
[White "Zorman, Antun"]
[Black "Cupic, Tvrtko1111"]
[Result "0-1"]
[WhiteElo "1918"]
[BlackElo "1714"]
[PlyCount "67"]
[EventDate "2019.02.21"]
[EventType "swiss"]
[EventRounds "7"]
[EventCountry "CRO"]
[SourceTitle "EXT 2023"]
[Source "ChessBase"]
[SourceDate "2022.10.05"]
[SourceVersion "1"]
[SourceVersionDate "2022.10.05"]
[SourceQuality "1"]

1. e4 e5 2. Nf3 Nc6 3. c3 Nf6 4. Bd3 Bc5 5. Bc2 d6 6. h3 0-0 7. 0-0 Re8 8. Re1 h6 9. a4 a6 10. b4 Ba7 11. d3 Ne7 12. Bb3 Ng6 13. Nh2 c5 14. bxc5 Bxc5 15. Bc4 Rb8 16. Qc2 b5 17. axb5 axb5 18. Bb3 Qb6 19. Be3 Bxe3 20. Rxe3 Nf4 21. Nd2 Be6 22. Rb1 d5 23. Ba4 Bd7 24. c4 d4 25. Ree1 N6h5 26. Bxb5 Qg6 27. g4 Nxh3+ 28. Kf1 Rxb5 29. Rxb5 Bxg4 30. Ndf3 Bxf3 31. Nxf3 N5f4 32. Re2 Qg2+ 33. Ke1 Qxf3 34. Kd1 0-1

[Event "Osijek op 12th"]
[Site "Osijek"]
[Date "2019.02.22"]
[Round "4.31"]
[White "Juric, Mia Ivona"]
[Black "Zorman, Antun"]
[Result "0-1"]
[WhiteElo "1152"]
[BlackElo "1918"]
[PlyCount "54"]
[EventDate "2019.02.21"]
[EventType "swiss"]
[EventRounds "7"]
[EventCountry "CRO"]
[SourceTitle "EXT 2023"]
[Source "ChessBase"]
[SourceDate "2022.10.05"]
[SourceVersion "1"]
[SourceVersionDate "2022.10.05"]
[SourceQuality "1"]

1. e4 c5 2. Nf3 d6 3. Nc3 e6 4. Bc4 a6 5. a3 Nc6 6. 0-0 g6 7. d3 Bg7 8. Ne2 Nge7 9. d4 d5 10. exd5 exd5 11. Ba2 c4 12. c3 0-0 13. Bg5 Qb6 14. b4 Bf5 15. Bb1 Rfe8 16. Bxf5 Nxf5 17. Nf4 f6 18. Nxd5 Qd8 19. Nxf6+ Bxf6 20. Qd2 Bxg5 21. Nxg5 Qd6 22. Rfe1 h6 23. Nf3 Qf6 24. d5 Ne5 25. Nxe5 Rxe5 26. Rxe5 Qxe5 27. f4 Qe3+ 0-1

[Event "Osijek-Baranja CupT 11th"]
[Site "Nasice"]
[Date "2018.02.18"]
[Round "5.4"]
[White "Zorman, Antun"]
[Black "Perci, Franjo"]
[Result "1/2-1/2"]
[WhiteElo "1917"]
[BlackElo "1711"]
[PlyCount "120"]
[EventDate "2018.02.16"]
[EventType "team-swiss"]
[EventRounds "5"]
[EventCountry "CRO"]
[SourceTitle "EXT 2023"]
[Source "ChessBase"]
[SourceDate "2022.10.05"]
[SourceVersion "1"]
[SourceVersionDate "2022.10.05"]
[SourceQuality "1"]
[WhiteTeam "Osijek Dragovoljac"]
[BlackTeam "Djakovo II"]
[WhiteTeamCountry "CRO"]
[BlackTeamCountry "CRO"]

1. e4 c5 2. Nf3 e6 3. Nc3 Nc6 4. d4 cxd4 5. Nxd4 Bb4 6. Be3 Nge7 7. Ndb5 d5 8. Qg4 0-0 9. 0-0-0 a6 10. Nd4 Nxd4 11. exd5 Bxc3 12. bxc3 Ndf5 13. dxe6 Qa5 14. exf7+ Kh8 15. Qb4 Qxb4 16. cxb4 Nxe3 17. fxe3 Be6 18. Rd6 Bxf7 19. Rd7 Nd5 20. Bc4 Nb6 21. Rxf7 Nxc4 22. Rxb7 Nxe3 23. Re1 Nxg2 24. Ree7 Rg8 25. Ra7 Nf4 26. Rxg7 Rxa7 27. Rxa7 Rg6 28. Kb2 h5 29. a4 h4 30. b5 axb5 31. axb5 h3 32. Ra4 Rf6 33. Rd4 Kg7 34. Kb3 Kf7 35. Ka4 Ne6 36. Rh4 Rf3 37. c4 Ke7 38. Kb4 Kd7 39. Rh7+ Kc8 40. Rh6 Re3 41. Ka5 Nf4 42. Rh4 Ng6 43. Rh6 Ne5 44. c5 Ng4 45. Rh7 Nxh2 46. c6 Ng4 47. Kb6 Nf6 48. Rc7+ Kd8 49. Kb7 h2 50. Rc8+ Ke7 51. Rh8 Re5 52. Rxh2 Rxb5+ 53. Ka6 Rc5 54. Kb6 Rc1 55. Rd2 Ke6 56. Kb7 Nd5 57. Rxd5 Rb1+ 58. Ka7 Kxd5 59. c7 Rc1 60. Kb8 Rb1+ 1/2-1/2

[Event "Osijek-Baranja CupT 11th"]
[Site "Nasice"]
[Date "2018.02.16"]
[Round "1.2"]
[White "Huis, Dinko"]
[Black "Zorman, Antun"]
[Result "0-1"]
[WhiteElo "2165"]
[BlackElo "1917"]
[PlyCount "88"]
[EventDate "2018.02.16"]
[EventType "team-swiss"]
[EventRounds "5"]
[EventCountry "CRO"]
[SourceTitle "EXT 2023"]
[Source "ChessBase"]
[SourceDate "2022.10.05"]
[SourceVersion "1"]
[SourceVersionDate "2022.10.05"]
[SourceQuality "1"]
[WhiteTeam "Belisce"]
[BlackTeam "Osijek Dragovoljac"]
[WhiteTeamCountry "CRO"]
[BlackTeamCountry "CRO"]

1. d4 d5 2. c4 c6 3. Nc3 Nf6 4. Nf3 e6 5. g3 b6 6. Bg2 Bb7 7. 0-0 Be7 8. b3 0-0 9. Bb2 Nbd7 10. Qc2 h6 11. Rad1 Qc7 12. cxd5 cxd5 13. Rc1 Rac8 14. Qb1 Qb8 15. Ne1 Ba6 16. Nd3 Rc7 17. Rfd1 Rfc8 18. e3 b5 19. b4 Nb6 20. Nc5 Bxc5 21. dxc5 Nc4 22. Ba1 Rd8 23. Qc2 Bc8 24. Ne2 e5 25. Qb1 a5 26. Rxc4 bxc4 27. Bxe5 axb4 28. Bxc7 Qxc7 29. Qxb4 Be6 30. Nd4 Rb8 31. Qa3 Nd7 32. c6 Ne5 33. e4 dxe4 34. Bxe4 Bh3 35. Qc3 Qe7 36. Qe3 Qf6 37. Qf4 Qe7 38. Nf5 Bxf5 39. Qxf5 g6 40. Qf4 Rb2 41. Rb1 c3 42. Qxh6 Nf3+ 43. Bxf3 Rxb1+ 44. Kg2 c2 0-1

[Event "Osijek-Baranja CupT 10th"]
[Site "Nasice"]
[Date "2017.02.17"]
[Round "1.1"]
[White "Zorman, Antun"]
[Black "Zubak, Zeljko"]
[Result "1-0"]
[WhiteElo "1910"]
[BlackElo "2039"]
[PlyCount "85"]
[EventDate "2017.02.17"]
[EventType "team-swiss"]
[EventRounds "5"]
[EventCountry "CRO"]
[SourceTitle "EXT 2019"]
[Source "ChessBase"]
[SourceDate "2018.10.10"]
[SourceVersion "1"]
[SourceVersionDate "2018.10.10"]
[SourceQuality "1"]

1. e4 c5 2. Nf3 d6 3. d4 cxd4 4. Nxd4 Nf6 5. Nc3 a6 6. h3 b5 7. a3 Bb7 8. Bd3 e6 9. 0-0 Be7 10. Be3 Nbd7 11. Nde2 Rc8 12. Ng3 Qc7 13. Rc1 0-0 14. f4 Nb6 15. b3 Nbd7 16. Nce2 Nc5 17. Nc3 Rfd8 18. b4 Ncd7 19. Nce2 Nb6 20. Rb1 Nc4 21. Qc1 d5 22. e5 Ne4 23. Rd1 a5 24. Rb3 axb4 25. axb4 Nxg3 26. Nxg3 Ra8 27. Bd4 Ra2 28. Re1 Ra4 29. c3 Ra2 30. f5 Bh4 31. Qf4 Bxg3 32. Qxg3 exf5 33. Qg5 Re8 34. Rbb1 Bc8 35. Ra1 Rxa1 36. Rxa1 h6 37. Qh5 Nxe5 38. Bxb5 Nc6 39. Bf2 Re7 40. Ra8 Kh7 41. Qh4 Ne5 42. Rxc8 Qb7 43. Rc5 1-0

[Event "Osijek-ch op"]
[Site "Osijek"]
[Date "2012.02.26"]
[Round "7"]
[White "Zorman, Antun"]
[Black "Bender, Ivan"]
[Result "0-1"]
[WhiteElo "1978"]
[BlackElo "2272"]
[PlyCount "70"]
[EventDate "2012.02.23"]
[EventType "swiss"]
[EventRounds "7"]
[EventCountry "CRO"]
[SourceTitle "EXT 2013"]
[Source "ChessBase"]
[SourceDate "2012.11.22"]
[SourceVersion "1"]
[SourceVersionDate "2012.11.22"]
[SourceQuality "1"]

1. e4 c5 2. c3 d5 3. exd5 Qxd5 4. Qf3 Nf6 5. c4 Qd8 6. Nc3 Nc6 7. Qd1 Bf5 8. Nb1 Qd7 9. Nf3 Rd8 10. Be2 e5 11. 0-0 e4 12. Ne1 Be7 13. Nc2 0-0 14. Ne3 Bg6 15. Nc3 Bd6 16. f4 exf3 17. Bxf3 Nd4 18. Ncd5 Nxf3+ 19. Qxf3 Nxd5 20. Nxd5 Be5 21. d3 b6 22. Rb1 f6 23. Rd1 Bf7 24. Ne3 Rfe8 25. b4 cxb4 26. Rxb4 Bxh2+ 27. Kh1 Bd6 28. Rb3 Re5 29. d4 Rh5+ 30. Kg1 Bh2+ 31. Kf2 Bc7 32. d5 Bd6 33. Qg4 f5 34. Qf3 Bc5 35. Bb2 f4 0-1

[Event "Osijek-ch op"]
[Site "Osijek"]
[Date "2012.02.25"]
[Round "6"]
[White "Vidakovic, Matija"]
[Black "Zorman, Antun"]
[Result "0-1"]
[WhiteElo "1876"]
[BlackElo "1978"]
[PlyCount "108"]
[EventDate "2012.02.23"]
[EventType "swiss"]
[EventRounds "7"]
[EventCountry "CRO"]
[SourceTitle "EXT 2013"]
[Source "ChessBase"]
[SourceDate "2012.11.22"]
[SourceVersion "1"]
[SourceVersionDate "2012.11.22"]
[SourceQuality "1"]

1. e4 c5 2. Nf3 d6 3. h3 Nc6 4. Bb5 Bd7 5. c3 a6 6. Be2 Nf6 7. d3 h6 8. Be3 b5 9. 0-0 e5 10. Kh2 g5 11. Ng1 Be6 12. Nd2 Bg7 13. g3 Rc8 14. a4 b4 15. f4 gxf4 16. gxf4 exf4 17. Bxf4 bxc3 18. bxc3 Nh7 19. Rc1 Ng5 20. Bg3 Be5 21. Bg4 Rg8 22. Bxe5 Nxe5 23. Bxe6 Nxe6 24. d4 cxd4 25. Ndf3 Nc4 26. cxd4 Ne3 27. Rxc8 Nxf1+ 28. Qxf1 Qxc8 29. Qf2 Qc1 30. e5 Nf4 31. Ne1 dxe5 32. dxe5 Qc4 33. a5 Qe4 34. Ngf3 Ng6 35. Qb2 Kf8 36. Qa3+ Kg7 37. Qb2 Kh7 38. Qc2 Qxc2+ 39. Nxc2 Re8 40. Nb4 Nxe5 41. Nxe5 Rxe5 42. Nxa6 Rxa5 43. Nb4 Rg5 44. Nd3 Kg7 45. Nf2 f5 46. h4 Rg6 47. Kh3 Kf6 48. Nd3 Rg4 49. Nf2 h5 50. Nd3 f4 51. Nc5 Kf5 52. Nd7 f3 53. Nb8 f2 54. Nc6 f1Q+ 0-1

[Event "Osijek-ch op"]
[Site "Osijek"]
[Date "2012.02.23"]
[Round "2"]
[White "Turkalj, Zvonko"]
[Black "Zorman, Antun"]
[Result "1-0"]
[WhiteElo "1851"]
[BlackElo "1978"]
[PlyCount "79"]
[EventDate "2012.02.23"]
[EventType "swiss"]
[EventRounds "7"]
[EventCountry "CRO"]
[SourceTitle "EXT 2013"]
[Source "ChessBase"]
[SourceDate "2012.11.22"]
[SourceVersion "1"]
[SourceVersionDate "2012.11.22"]
[SourceQuality "1"]

1. e4 c5 2. Nf3 d6 3. d4 cxd4 4. Nxd4 Nc6 5. Bc4 g6 6. Be3 Bg7 7. c3 Nf6 8. Nd2 Ng4 9. Nxc6 bxc6 10. Bg5 Qb6 11. 0-0 Qxb2 12. Rb1 Qxc3 13. Qa4 Bd7 14. Rfc1 Qe5 15. Nf3 Qc5 16. Bxf7+ Kxf7 17. Rxc5 dxc5 18. Qc4+ Be6 19. Qxc5 Rhe8 20. h3 Nf6 21. Bxf6 exf6 22. Rb7+ Kg8 23. Qxc6 Rac8 24. Qa6 Bf8 25. Qxa7 Ra8 26. Qd4 Be7 27. a4 Rad8 28. Qa7 Kf8 29. g4 Ra8 30. Qb6 Bc8 31. Ra7 Rxa7 32. Qxa7 Rd8 33. Qc7 h5 34. Nh4 Rd1+ 35. Kg2 Bd7 36. Nxg6+ Kf7 37. gxh5 Bd8 38. Qb7 Rd2 39. Qb4 Ra2 40. Qf8+ 1-0

[Event "Osijek-ch op"]
[Site "Osijek"]
[Date "2011.02.24"]
[Round "1"]
[White "Zorman, Antun"]
[Black "Babic, Josip"]
[Result "1-0"]
[WhiteElo "1970"]
[BlackElo "1600"]
[PlyCount "81"]
[EventDate "2011.02.24"]
[EventType "swiss"]
[EventRounds "7"]
[EventCountry "CRO"]
[SourceTitle "EXT 2012"]
[Source "ChessBase"]
[SourceDate "2011.11.24"]
[SourceVersion "1"]
[SourceVersionDate "2011.11.24"]
[SourceQuality "1"]

1. e4 c5 2. Nf3 d6 3. Bc4 h6 4. c3 Nc6 5. d4 a6 6. d5 Na7 7. a4 Bg4 8. Be2 Nc8 9. c4 Nb6 10. b3 Nd7 11. Bb2 Bh5 12. 0-0 a5 13. Nfd2 Bxe2 14. Qxe2 Ne5 15. f4 Ng6 16. e5 h5 17. Ne4 f5 18. Ng5 Kd7 19. Na3 Nh6 20. exd6 Kc8 21. Qe6+ Kb8 22. d7 Ra6 23. Be5+ Nxe5 24. Qxe5+ Ka8 25. Nb5 Ng4 26. Qxf5 Rf6 27. Ne6 Rxe6 28. Qxe6 Rh6 29. Qe1 Qxd7 30. Qxa5+ Ra6 31. Nc7+ Kb8 32. Nxa6+ bxa6 33. Qxc5 Qd8 34. a5 g6 35. Qb6+ Qxb6+ 36. axb6 Kb7 37. c5 Ne3 38. Rfd1 Nxd1 39. Rxd1 Bg7 40. Kf2 Bf6 41. Kf3 1-0

[Event "Osijek op"]
[Site "Osijek"]
[Date "2010.01.31"]
[Round "9"]
[White "Mravunac, Branko"]
[Black "Zorman, Antun"]
[Result "0-1"]
[WhiteElo "2072"]
[BlackElo "1999"]
[PlyCount "82"]
[EventDate "2010.01.23"]
[EventType "swiss"]
[EventRounds "9"]
[EventCountry "CRO"]
[SourceTitle "CBM 134 Extra"]
[Source "ChessBase"]
[SourceDate "2010.03.03"]
[SourceVersion "1"]
[SourceVersionDate "2010.03.03"]
[SourceQuality "1"]

1. e4 d6 2. d4 Nd7 3. f4 e5 4. Nf3 exd4 5. Qxd4 c5 6. Qa4 Ngf6 7. Nc3 Be7 8. e5 Ng4 9. Bc4 0-0 10. e6 fxe6 11. Bxe6+ Kh8 12. Bxg4 Nb6 13. Qe4 Bxg4 14. Qxb7 Bh4+ 15. Nxh4 Re8+ 16. Kf2 Qxh4+ 17. g3 Qf6 18. h3 Re7 19. Qa6 Qd4+ 20. Kg2 Bc8 21. Qf1 Bb7+ 22. Kh2 Bxh1 23. Kxh1 Rae8 24. Kg2 Nd5 25. Qd3 Nxc3 26. Qxd4 cxd4 27. bxc3 dxc3 28. Ba3 Re1 29. Rxe1 Rxe1 30. Bxd6 Re2+ 31. Kf3 Rxc2 32. Ke3 Rxa2 33. Bb4 Rg2 34. Bxc3 Rxg3+ 35. Kd4 Rxc3 36. Kxc3 Kg8 37. Kd4 Kf7 38. Ke5 a5 39. h4 h5 40. f5 a4 41. Kd4 Kf6 0-1

[Event "Osijek OBZ Cup 2nd"]
[Site "Osijek"]
[Date "2009.03.15"]
[Round "5.1"]
[White "Lovric, Darko"]
[Black "Zorman, Antun"]
[Result "0-1"]
[WhiteElo "1975"]
[BlackElo "1955"]
[PlyCount "105"]
[EventDate "2009.03.13"]
[EventType "team-tourn"]
[EventRounds "5"]
[EventCountry "CRO"]
[SourceTitle "EXT 2011"]
[Source "ChessBase"]
[SourceDate "2010.11.26"]
[SourceVersion "1"]
[SourceVersionDate "2010.11.26"]
[SourceQuality "1"]

1. c4 c5 2. Nc3 Nc6 3. e3 e5 4. a3 Nf6 5. g3 d5 6. cxd5 Nxd5 7. Bg2 Nxc3 8. bxc3 Qc7 9. Ne2 Rb8 10. 0-0 Be6 11. d4 Rd8 12. d5 e4 13. Bxe4 Qe5 14. Qb3 b6 15. dxe6 Qxe4 16. exf7+ Ke7 17. f3 Qg6 18. e4 h6 19. Be3 Na5 20. Qb5 Kxf7 21. Rad1 Bd6 22. Bf4 Rhf8 23. Rd5 Be7 24. Rfd1 Kg8 25. Rxd8 Bxd8 26. Qd7 Kh8 27. Rd6 Qh5 28. Kg2 Nc4 29. Rd5 Ne3+ 30. Kf2 Nxd5 31. exd5 Qxh2+ 32. Ke3 Qh5 33. g4 Qe8+ 34. Qxe8 Rxe8+ 35. Kf2 g5 36. Be3 Bc7 37. c4 Be5 38. a4 Kg7 39. Bd2 Bd4+ 40. Kf1 Kf6 41. Ng3 Be5 42. Ne4+ Kg6 43. Kf2 Rd8 44. Ke2 a6 45. Be3 a5 46. Kd3 Rf8 47. Ke2 Kf7 48. Kd3 Ke7 49. Ke2 Kd7 50. Bf2 Rf4 51. Be3 Rf7 52. Bf2 Re7 53. Kd3 0-1

[Event "Osijek OBZ Cup 2nd"]
[Site "Osijek"]
[Date "2009.03.15"]
[Round "4.4"]
[White "Zorman, Antun"]
[Black "Skrbic, David"]
[Result "1-0"]
[WhiteElo "1955"]
[BlackElo "1849"]
[PlyCount "85"]
[EventDate "2009.03.13"]
[EventType "team-tourn"]
[EventRounds "5"]
[EventCountry "CRO"]
[SourceTitle "EXT 2011"]
[Source "ChessBase"]
[SourceDate "2010.11.26"]
[SourceVersion "1"]
[SourceVersionDate "2010.11.26"]
[SourceQuality "1"]

1. e4 e5 2. c3 Nf6 3. d3 Nc6 4. Nf3 Bc5 5. b4 Bd6 6. Be2 h6 7. 0-0 0-0 8. b5 Ne7 9. Nbd2 Ng6 10. Nc4 Qe7 11. a4 b6 12. Nxd6 cxd6 13. Ba3 Re8 14. Nd2 Qe6 15. d4 exd4 16. cxd4 d5 17. e5 Ne4 18. Bg4 f5 19. Bh5 Bb7 20. f3 Nc3 21. Qe1 Nxa4 22. Qg3 Nc3 23. Qxg6 Ne2+ 24. Kh1 Nxd4 25. f4 Nxb5 26. Qg3 Rec8 27. Rfc1 Nd4 28. Bd6 a5 29. Qd3 Nc6 30. Qb5 Ra6 31. Nb3 g6 32. Bf3 Ne7 33. Bxe7 Rxc1+ 34. Rxc1 Qxe7 35. Bxd5+ Bxd5 36. Qxa6 Bxb3 37. Qxb6 Qe6 38. Qxa5 g5 39. Qd8+ Kg7 40. Rc8 Qf7 41. fxg5 hxg5 42. Qh8+ Kg6 43. Rf8 1-0

[Event "Osijek op"]
[Site "Osijek"]
[Date "2009.01.31"]
[Round "2"]
[White "Cajzler, Hinko"]
[Black "Zorman, Antun"]
[Result "1-0"]
[WhiteElo "2200"]
[BlackElo "1986"]
[PlyCount "83"]
[EventDate "2009.01.31"]
[EventType "swiss"]
[EventRounds "9"]
[EventCountry "CRO"]
[SourceTitle "EXT 2010"]
[Source "ChessBase"]
[SourceDate "2010.11.25"]
[SourceVersion "1"]
[SourceVersionDate "2010.11.25"]
[SourceQuality "1"]

1. e4 e6 2. d4 d5 3. e5 c5 4. c3 Nc6 5. Nf3 cxd4 6. cxd4 Bb4+ 7. Bd2 Qb6 8. Bxb4 Nxb4 9. Nc3 a6 10. a3 Nc6 11. Na4 Qa7 12. Rc1 Nge7 13. Nc5 b6 14. Nb3 Bd7 15. Bd3 0-0 16. 0-0 Ng6 17. Ng5 Nce7 18. Qh5 h6 19. Nh3 f5 20. exf6 Rxf6 21. Rc3 Rc8 22. Rfc1 Rxc3 23. Rxc3 a5 24. Qe2 a4 25. Nc1 b5 26. Qe3 Qb8 27. Ne2 b4 28. axb4 Qxb4 29. Qd2 Qb8 30. Bxg6 Nxg6 31. Qc2 e5 32. dxe5 Nxe5 33. Qd2 Ng4 34. g3 Rb6 35. Nhf4 d4 36. Qxd4 Ne5 37. Qd5+ Kh8 38. Rc5 a3 39. bxa3 Bc6 40. Qxe5 Qxe5 41. Ng6+ Kh7 42. Nxe5 1-0

[Event "Osijek op 3rd"]
[Site "Osijek"]
[Date "2007.12.11"]
[Round "5.7"]
[White "Zorman, Antun"]
[Black "Pavlovic, Vladimir"]
[Result "1-0"]
[WhiteElo "2025"]
[BlackElo "2157"]
[PlyCount "141"]
[EventDate "2007.12.08"]
[EventType "swiss"]
[EventRounds "9"]
[EventCountry "CRO"]
[SourceTitle "CBM 121 Extra"]
[Source "ChessBase"]
[SourceDate "2008.01.10"]
[SourceVersion "1"]
[SourceVersionDate "2008.01.10"]
[SourceQuality "1"]

1. e4 e5 2. Nc3 Nf6 3. Nf3 Bb4 4. Bc4 d6 5. d3 0-0 6. h3 c6 7. 0-0 d5 8. exd5 cxd5 9. Bb3 d4 10. Ne2 Nc6 11. Bg5 Be7 12. a3 Be6 13. Bxe6 fxe6 14. Ng3 Nd5 15. Bd2 Nf4 16. Re1 Ng6 17. c3 Bf6 18. Qb3 Qd7 19. cxd4 Nxd4 20. Nxd4 Qxd4 21. Bc3 Qd7 22. Ne4 Rac8 23. Re3 Qd5 24. Qd1 Be7 25. g3 Rf7 26. Qg4 Rcf8 27. Rf1 Qd7 28. Ng5 Rf5 29. Nf3 Bd6 30. Qe4 Qf7 31. Kg2 Bc5 32. Bb4 Bxb4 33. axb4 Rc8 34. Re2 Rf8 35. Nd2 Qd7 36. Nc4 b5 37. Ne3 Rg5 38. Kh2 Qd4 39. h4 Rh5 40. Ng2 Rhf5 41. Kg1 Rd8 42. g4 Qxe4 43. Rxe4 Rf3 44. Ne1 Rf4 45. f3 Rxe4 46. fxe4 Nxh4 47. Rf2 Rd4 48. Rc2 Rxb4 49. Kf2 a5 50. Kg3 Ng6 51. Nf3 h6 52. g5 Kh7 53. Kg4 h5+ 54. Kg3 a4 55. Rh2 h4+ 56. Kg4 Rb3 57. d4 exd4 58. Nxd4 Rb4 59. Rd2 Ne5+ 60. Kf4 Nc4 61. Rh2 e5+ 62. Kf5 g6+ 63. Kf6 exd4 64. Rxh4+ Kg8 65. Rh6 d3 66. Rxg6+ Kf8 67. Rh6 Ke8 68. g6 d2 69. g7 d1Q 70. g8Q+ Kd7 71. Qe6+ 1-0

[Event "Osijek op 3rd"]
[Site "Osijek"]
[Date "2007.12.10"]
[Round "4.7"]
[White "Jovic, Cedomir"]
[Black "Zorman, Antun"]
[Result "1-0"]
[WhiteElo "2100"]
[BlackElo "2025"]
[PlyCount "49"]
[EventDate "2007.12.08"]
[EventType "swiss"]
[EventRounds "9"]
[EventCountry "CRO"]
[SourceTitle "CBM 121 Extra"]
[Source "ChessBase"]
[SourceDate "2008.01.10"]
[SourceVersion "1"]
[SourceVersionDate "2008.01.10"]
[SourceQuality "1"]

1. g3 d5 2. Bg2 Nc6 3. d3 Nf6 4. Nf3 e5 5. 0-0 Bd6 6. Nc3 a6 7. Bg5 Be7 8. h3 h6 9. Bd2 Be6 10. e4 d4 11. Ne2 Qd7 12. Kh2 g5 13. Nfg1 0-0-0 14. f4 gxf4 15. gxf4 exf4 16. Nxf4 Rdg8 17. Nf3 Bd6 18. Qe1 Rxg2+ 19. Kxg2 Bxf4 20. Bxf4 Bxh3+ 21. Kh1 Bxf1 22. Qxf1 Qg4 23. Bh2 Rg8 24. Qf2 Nh5 25. Rg1 1-0

[Event "Osijek op"]
[Site "Osijek"]
[Date "2007.02.16"]
[Round "9"]
[White "Zorman, Antun"]
[Black "Aleksic, Robert"]
[Result "0-1"]
[WhiteElo "2006"]
[BlackElo "2169"]
[PlyCount "52"]
[EventDate "2007.02.08"]
[EventType "swiss"]
[EventRounds "9"]
[EventCountry "CRO"]
[SourceTitle "EXT 2008"]
[Source "ChessBase"]
[SourceDate "2007.11.25"]
[SourceVersion "1"]
[SourceVersionDate "2007.11.25"]
[SourceQuality "1"]

1. e4 c5 2. Nf3 d6 3. c3 Bg4 4. Qb3 Qc7 5. Bb5+ Nd7 6. Bc4 e6 7. Be2 Ngf6 8. d3 d5 9. exd5 Nxd5 10. Qa4 Bh5 11. g3 Be7 12. Nbd2 0-0 13. Ne4 a6 14. c4 Nb4 15. Bf4 e5 16. Nxe5 Nxe5 17. Bxh5 Nexd3+ 18. Kf1 Nxf4 19. gxf4 Qxf4 20. Ng3 Bf6 21. Qb3 Rad8 22. Kg2 Rd3 23. Qa4 Rd2 24. Rhf1 Nd3 25. Ne2 Qg5+ 26. Ng3 Nf4+ 0-1

[Event "Osijek op"]
[Site "Osijek"]
[Date "2007.02.10"]
[Round "4"]
[White "Zorman, Antun"]
[Black "Mravunac, Branko"]
[Result "1-0"]
[WhiteElo "2006"]
[BlackElo "2148"]
[PlyCount "95"]
[EventDate "2007.02.08"]
[EventType "swiss"]
[EventRounds "9"]
[EventCountry "CRO"]
[SourceTitle "CBM 116 Extra"]
[Source "ChessBase"]
[SourceDate "2007.03.07"]
[SourceVersion "1"]
[SourceVersionDate "2007.03.07"]
[SourceQuality "1"]

1. e4 e5 2. Nf3 Nc6 3. Bc4 Be7 4. d4 exd4 5. Nxd4 Ne5 6. Bb3 d6 7. 0-0 Nf6 8. f4 Bg4 9. Qe1 Ned7 10. h3 c5 11. hxg4 cxd4 12. e5 dxe5 13. fxe5 0-0 14. exf6 Bxf6 15. g5 Bxg5 16. Bxg5 Qxg5 17. Nd2 Ne5 18. Nf3 Nxf3+ 19. Rxf3 Rad8 20. Qf2 Rd7 21. Rf1 Qh5 22. Rf4 g5 23. Rxd4 Re7 24. Qf3 Qg6 25. Qf6 Qxf6 26. Rxf6 Kg7 27. Rfd6 Rfe8 28. Rd1 h5 29. Rd7 Kg6 30. Ba4 f6 31. Rxb7 Re1+ 32. Rxe1 Rxe1+ 33. Kf2 Re4 34. Rxa7 h4 35. Bc6 Rc4 36. Be8+ Kh6 37. c3 Rf4+ 38. Ke3 Rg4 39. Bc6 f5 40. Bf3 Rg3 41. Ra6+ Kg7 42. Kf2 g4 43. Be2 f4 44. Ra4 h3 45. gxh3 gxh3 46. Rxf4 Rg2+ 47. Kf1 Kh6 48. Rh4+ 1-0

[Event "Osijek op"]
[Site "Osijek"]
[Date "2007.02.08"]
[Round "1"]
[White "Zovko, Mario"]
[Black "Zorman, Antun"]
[Result "1-0"]
[WhiteElo "2201"]
[BlackElo "2006"]
[PlyCount "109"]
[EventDate "2007.02.08"]
[EventType "swiss"]
[EventRounds "9"]
[EventCountry "CRO"]
[SourceTitle "CBM 116 Extra"]
[Source "ChessBase"]
[SourceDate "2007.03.07"]
[SourceVersion "1"]
[SourceVersionDate "2007.03.07"]
[SourceQuality "1"]

1. e4 e6 2. d4 c5 3. c3 Nf6 4. e5 Ne4 5. Bd3 d5 6. exd6 Nxd6 7. dxc5 Nf5 8. Bxf5 Qxd1+ 9. Kxd1 exf5 10. Be3 Be6 11. Nf3 Nc6 12. Nbd2 Rd8 13. b4 Be7 14. Bg5 f6 15. Be3 Ne5 16. Nd4 Bd7 17. f3 Kf7 18. f4 Ng4 19. Bg1 Rhe8 20. h3 Nh6 21. Bf2 g5 22. Bg3 Bf8 23. Re1 Ba4+ 24. N2b3 b6 25. Rxe8 Kxe8 26. Ke2 Bxb3 27. Nxb3 bxc5 28. bxc5 Nf7 29. Rd1 Rxd1 30. Kxd1 Nd8 31. Nd4 Bxc5 32. Nxf5 Ne6 33. fxg5 fxg5 34. Kd2 Kf7 35. Kd3 h5 36. Nd4 Bb6 37. Nxe6 Kxe6 38. Kc4 a6 39. Bb8 Ba5 40. a4 Kd7 41. Kd4 Kc6 42. Be5 Bd8 43. Kc4 Be7 44. Bd4 g4 45. hxg4 hxg4 46. Kd3 Kd5 47. c4+ Ke6 48. Ke4 Bd6 49. Be3 Bc7 50. Bf4 Bb6 51. Bg3 Ba7 52. Kf4 Kd6 53. Kxg4+ Kc6 54. Kf5 Bg1 55. Bb8 1-0

[Event "Osijek op"]
[Site "Osijek"]
[Date "2005.02.18"]
[Round "8"]
[White "Zorman, Antun"]
[Black "Kovacevic, Srecko"]
[Result "1/2-1/2"]
[WhiteElo "1977"]
[BlackElo "2114"]
[PlyCount "79"]
[EventDate "2005.02.12"]
[EventType "swiss"]
[EventRounds "9"]
[EventCountry "CRO"]
[SourceTitle "EXT 2006"]
[Source "ChessBase"]
[SourceDate "2005.11.24"]
[SourceVersion "1"]
[SourceVersionDate "2005.11.24"]
[SourceQuality "1"]

1. e4 c6 2. d4 d5 3. Nc3 g6 4. Nf3 Bg4 5. Be2 Bg7 6. Be3 dxe4 7. Nxe4 Nh6 8. h3 Bxf3 9. Bxf3 Nf5 10. 0-0 Nxd4 11. c3 Nxf3+ 12. Qxf3 0-0 13. Rfd1 Qc8 14. Bc5 Re8 15. g4 Nd7 16. Be3 b6 17. Qg3 Nf6 18. Ng5 h6 19. Nf3 Nd5 20. Bd2 Qc7 21. Qg2 e5 22. g5 h5 23. Re1 Rad8 24. Re4 Re7 25. Rae1 Rde8 26. Qf1 Nf4 27. Bxf4 exf4 28. Qc4 Rxe4 29. Rxe4 Rxe4 30. Qxe4 c5 31. Qe8+ Kh7 32. Kg2 a6 33. Qe4 Qd6 34. Qc4 f6 35. Qxa6 Qc6 36. h4 fxg5 37. hxg5 Qe6 38. Qb7 Qg4+ 39. Kh2 h4 40. Qd5 1/2-1/2

[Event "Osijek op"]
[Site "Osijek"]
[Date "2005.02.17"]
[Round "7"]
[White "Skrbic, David"]
[Black "Zorman, Antun"]
[Result "0-1"]
[WhiteElo "1854"]
[BlackElo "1977"]
[PlyCount "56"]
[EventDate "2005.02.12"]
[EventType "swiss"]
[EventRounds "9"]
[EventCountry "CRO"]
[SourceTitle "EXT 2006"]
[Source "ChessBase"]
[SourceDate "2005.11.24"]
[SourceVersion "1"]
[SourceVersionDate "2005.11.24"]
[SourceQuality "1"]

1. e4 e5 2. Nf3 Nc6 3. Bb5 Bc5 4. 0-0 Nge7 5. Nxe5 Nxe5 6. d4 c6 7. Ba4 b5 8. Bb3 Bd6 9. dxe5 Bxe5 10. f4 Qb6+ 11. Kh1 Bc7 12. Qg4 Ng6 13. f5 d5 14. exd5 0-0 15. h4 Ne5 16. Qh5 cxd5 17. Bxd5 Qd6 18. Rd1 Nd3 19. Kg1 Qh2+ 20. Kf1 Nxc1 21. Rxc1 Qf4+ 22. Qf3 Qxc1+ 23. Kf2 Qxc2+ 24. Kg1 Qxb2 25. Bxa8 Qxa1 26. Be4 Qd4+ 27. Kh1 Re8 28. Nc3 Bb7 0-1